000 00739nam a2200241 a 4500
001 5394
003 BD-RjUL
005 20211208234047.0
008 160727r19521950enk b 001 0 eng d
035 _a(BD-RjUL)5430
040 _aVCAV
_beng
_cVCAV
_dXNTU
_dBD-RjUL
041 _aeng
082 0 4 _a327.2
_bNID 1952
_223
100 1 _aNicolson, Harold,
_d1886-1968.
_916947
245 1 0 _aDiplomacy. /
_cby Harold Nicolson
250 _a2d ed.
260 _aLondon ;
_aNew York :
_bOxford University Press,
_c1950 [reprinted 1952].
300 _a247 p. ;
_c17 cm.
504 _aIncludes index and Bibliography: p. 244.
650 0 _aDiplomacy.
_95065
942 _2ddc
_cBK
999 _c5394
_d5394